000 00498nam a2200181 a 4500
001 26334
005 20180713224845.0
008 140415s1984 000 0 spa d
041 _aspa
082 _a658.15
_bSOL
100 1 _aSOLOMON, EZRA
245 1 0 _aINTRODUCCION A LA ADMINISTRACION FINANCIERA
260 _a[s.l.] :
_bED. DIANA,
_c1984
300 _a582
650 1 4 _aADMINISTRACION
_xFINANZAS
700 1 _aCARSTENS, GERARDO
_etr.
700 1 _aPRINGLE, JOHN J.
_ecoaut.
999 _c26334
_d26334